000 01487cam a22003011i 4500
003 SA-RiAUC
005 20241222085049.0
008 241222s1982 xx g f000 0cara c
040 _aEG-CaDAJ
_bara
_cSA-RiAUC
_erda
082 0 4 _a234.65
090 _a234.65
_bش ا هـ
100 1 _aشاه ولي الله، أحمد بن عبد الرحيم الفاروقي،
_d1110-1176 هجري
_eمؤلف.
245 1 0 _aرسالة شرح تراجم أبواب صحيح البخاري /
_cشاه ولي الله الدهلوي.
246 3 0 _aشرح تراجم أبواب صحيح البخاري
250 _aالطبعة الرابعة.
264 1 _a[مكان النشر غير محدد] :
_bمطبعة مجلس دائرة المعارف العثمانية،
_c1982
300 _a140 صفحة
300 _a140 صفحة ؛
_c24 سم
336 _aنص
_btxt
_2rdacontent
_3كتاب
337 _aبدون وسيط
_bn
_2rdamedia
338 _aمجلد
_bnc
_2rdacarrier
650 7 _aطبقات رواة الحديث وحفاظه
_vتراجم
_2aucsh
700 1 2 _aالبخاري، محمد بن إسماعيل بن إبراهيم،
_d194-256 هجري
740 0 2 _aصحيح البخاري، المسمى، الجامع الصحيح المسند من حديث رسول الله وسننه وأيامه.
740 2 2 _aالجامع الصحيح المسند من حديث رسول الله وسننه وأيامه.
942 _2ddc
_cBOOK
_n0
949 _aSA-JeALM
_d241222
_umohamedma123
_n1
999 _c3772
_d3772